Wisdom of the Hindus (Record no. 394316)

MARC details
000 -LEADER
fixed length control field 00455 a2200181 4500
005 - DATE & TIME
control field 20260116160935.0
008 - FIXED-LENGTH DATA ELEMENTS--GENERAL INFORMATION
fixed length control field 260115b |||||||| |||| 00| 0 eng d
020 ## - ISBN
International Standard Book Number 9789367717127
Price Rs. 1495.00
040 ## - CATALOGING SOURCE
Original cataloging agency VIVEKANANDA LIBRARY
082 ## - DDC NUMBER
Classification number 294.5
Book Number B812W
100 ## - MAIN ENTRY--PERSONAL NAME
Personal name Brown, Brian
245 ## - TITLE STATEMENT
Title Wisdom of the Hindus
260 ## - PUBLICATION, DISTRIBUTION, ETC. (IMPRINT)
Place of publication, distribution, etc New Delhi
Name of publisher, distributor, etc Shri Sai Printographers
Date of publication, distribution, etc 2025
300 ## - PHYSICAL DESCRIPTION
Pages 172
650 ## - Subject
Subject Religion
650 ## - Subject
Subject Hindu Religion
942 ## - ADDED ENTRY ELEMENTS (KOHA)
Koha item type Books
Holdings
Withdrawn status Lost status Source of classification or shelving scheme Damaged status Not for loan Location (home branch) Sublocation or collection (holding branch) Shelving location Date acquired Koha issues (times borrowed) Koha full call number Accession No. Koha date last seen Koha item type
    Dewey Decimal Classification     VIVEKANANDA LIBRARY VIVEKANANDA LIBRARY Vivekananda Library 18/12/2025   294.5 B812W 443761 18/12/2025 Books
© Designed and Maintained by Vivekananda Library, MDU Rohtak